| 000 | 00815nam a2200229Ia 4500 | ||
|---|---|---|---|
| 003 | GCL | ||
| 008 | 140319s9999 xx 000 0 ara d | ||
| 040 |
_aGCL / _cGCL |
||
| 082 | 0 | 4 |
_a306.1 _bع ن |
| 100 | 1 | _aعبدالله محمد الغذامى | |
| 245 | 1 | 0 |
_aالنقد الثقافى : _bقراءة فى الانساق الثقافية العربية / _cعبدالله محمد الغذامى |
| 250 | _aالاولى | ||
| 260 |
_aالمغرب : _bالمركز الثقافى العربى ، _c2000 |
||
| 300 |
_a312 ص ؛ _c22 سم |
||
| 650 | 0 | 4 | _aالسلوك |
| 650 | 0 | 4 | _aالتخلف الثقافى |
| 650 | 0 | 4 | _aالوعى الاجتماعى |
| 650 | 0 | 4 | _aالثقافة الذاتية |
| 650 | 0 | 4 | _aالمعرفة |
| 650 | 0 | 4 | _aالانثربولوجيا الثقافية |
| 942 |
_2ddc _cBK |
||
| 999 |
_c8992 _d8992 |
||